000 00594nam a22001697a 4500
003 OSt
005 20250822034523.0
008 250822b |||||||| |||| 00| 0 eng d
020 _a0-09-186877-7.
040 _aDWC-Main Lib.
_cOC
245 _aThe diary book of British food :
_bover 400 recipes for over occasion/
260 _aLondon :
_bEbury press,
_cc1988.
300 _a320 pages :
_bcolor illustrations ;
_c29cm.
504 _aIncludes index.
650 _a1. Cooking, British. 2. Farm produce--Great Britain 3. Food Habits--Great Britain.
942 _2ddc
_cBK-CIRC
_hCirc.
_n0
999 _c4170
_d4170